<?xml version="1.0" encoding="UTF-8"?>
<record
    xmlns:xsi="http://www.w3.org/2001/XMLSchema-instance"
    xsi:schemaLocation="http://www.loc.gov/MARC21/slim http://www.loc.gov/standards/marcxml/schema/MARC21slim.xsd"
    xmlns="http://www.loc.gov/MARC21/slim">

  <leader>00956nam a2200229Ia 4500</leader>
  <controlfield tag="003">IN-BaIIA</controlfield>
  <controlfield tag="008">211028s9999    xx            000 0 eng d</controlfield>
  <datafield tag="020" ind1=" " ind2=" ">
    <subfield code="a">978-0-7354-0616-2</subfield>
  </datafield>
  <datafield tag="040" ind1=" " ind2=" ">
    <subfield code="c">IIA Library</subfield>
  </datafield>
  <datafield tag="080" ind1=" " ind2=" ">
    <subfield code="a">52-732(082.1)</subfield>
    <subfield code="b">HIG</subfield>
  </datafield>
  <datafield tag="111" ind1=" " ind2=" ">
    <subfield code="a">International Meeting on High Energy Gamma-Ray Astronomy</subfield>
    <subfield code="n">4th</subfield>
    <subfield code="c">Heidelberg</subfield>
    <subfield code="d">2008 July 7-11</subfield>
    <subfield code="9">32567</subfield>
  </datafield>
  <datafield tag="245" ind1=" " ind2="0">
    <subfield code="a">High Energy gamma-ray Astronomy</subfield>
    <subfield code="b">proceedings of the 4th International meeting on high Energy gamma-ray Astronomy, held in Heidelberg, Germany, 7-11 July, 2008</subfield>
    <subfield code="c">edited by  Felix A. Aharonian, Heinz J. volk and Dieter Horns</subfield>
  </datafield>
  <datafield tag="250" ind1=" " ind2=" ">
    <subfield code="a">4th ed.</subfield>
  </datafield>
  <datafield tag="260" ind1=" " ind2=" ">
    <subfield code="a">New York</subfield>
    <subfield code="b">American Institute of Physics</subfield>
    <subfield code="c">2008</subfield>
  </datafield>
  <datafield tag="300" ind1=" " ind2=" ">
    <subfield code="a">[various pagings.]</subfield>
  </datafield>
  <datafield tag="650" ind1=" " ind2=" ">
    <subfield code="a">Galactic resources-congresses</subfield>
    <subfield code="9">32568</subfield>
  </datafield>
  <datafield tag="650" ind1=" " ind2=" ">
    <subfield code="a">Gamma-ray Astronomy-congresses</subfield>
    <subfield code="9">32569</subfield>
  </datafield>
  <datafield tag="700" ind1=" " ind2=" ">
    <subfield code="a">Aharonian, Felix A., ed.</subfield>
    <subfield code="9">32570</subfield>
  </datafield>
  <datafield tag="700" ind1=" " ind2=" ">
    <subfield code="a">Hofmann, Werner</subfield>
    <subfield code="9">32571</subfield>
  </datafield>
  <datafield tag="700" ind1=" " ind2=" ">
    <subfield code="a">Rieger, Frank M., ed.</subfield>
    <subfield code="9">32572</subfield>
  </datafield>
  <datafield tag="942" ind1=" " ind2=" ">
    <subfield code="c">BK</subfield>
  </datafield>
  <datafield tag="999" ind1=" " ind2=" ">
    <subfield code="c">17272</subfield>
    <subfield code="d">17272</subfield>
  </datafield>
  <datafield tag="952" ind1=" " ind2=" ">
    <subfield code="0">0</subfield>
    <subfield code="1">0</subfield>
    <subfield code="4">0</subfield>
    <subfield code="7">0</subfield>
    <subfield code="a">BAN</subfield>
    <subfield code="b">BAN</subfield>
    <subfield code="c">GEN</subfield>
    <subfield code="d">2009-05-15</subfield>
    <subfield code="e">ANJ   </subfield>
    <subfield code="g">230.00</subfield>
    <subfield code="l">0</subfield>
    <subfield code="o">52-732(082.1)/ HIG</subfield>
    <subfield code="p">18194</subfield>
    <subfield code="r">2021-11-05</subfield>
    <subfield code="v">230.00</subfield>
    <subfield code="w">2009-05-15</subfield>
    <subfield code="y">BK</subfield>
    <subfield code="G">Rs. 230.00  </subfield>
  </datafield>
</record>
